000 00863 a2200217 4500
003 UA-OsUOA
005 20260429123923.0
008 260429b un ||||| |||| 00| 0 ukr d
040 _aUA-OsUOA
_bukr
_cUA-OsUOA
_dUA-OsUOA
041 _aukr
080 _a82-32
090 _a82-32
_bП49
100 _aПолтава Л.
_925123
245 _aМаленький дзвонар із Конотопу
_bісторичні оповідання
_cЛеонід Полтава
260 _bОб'єднання Працівників Дитячої Літератури
_c1969
_aТоронто ;
_aНью-Йорк
300 _a38 с.
650 _2UDC
_a82 Література. Літературознавство
_915
942 _cBR
_2udc
955 _a3
999 _c580613
_d580613